Race and postcoloniality /
Guardado en:
| Autor principal: | |
|---|---|
| Formato: | Texto |
| Etiquetas: |
Agregar Etiqueta
Sin Etiquetas, Sea el primero en etiquetar este registro!
|
MARC
| LEADER | 00000 a a2200000 04500 | ||
|---|---|---|---|
| 001 | 46609 | ||
| 003 | |||
| 040 | |||
| 100 | |a Amoko, Apollo | ||
| 245 | |a Race and postcoloniality / |c Apollo Amoko | ||
| 773 | |g páginas 127-139 | ||
| 999 | |c 34038 |d 34038 | ||
